[Event "Bundesliga 9596"]
[Site "Deutschland"]
[Date "1996.??.??"]
[Round "?.6"]
[White "Muse, Mladen"]
[Black "Breutigam, Martin"]
[Result "0-1"]
[WhiteElo "2420"]
[BlackElo "2340"]
[PlyCount "124"]
[EventDate "1995.10.??"]
[EventType "team"]
[EventRounds "15"]
[EventCountry "GER"]
[SourceTitle "Bundesliga 9596"]
[Source "DeepChess"]
[SourceDate "2005.01.01"]
[SourceVersion "1"]
[SourceVersionDate "2005.01.01"]
[SourceQuality "1"]
[WhiteTeam "SV Empor Berlin e.V."]
[BlackTeam "Delmenhorster SK 1931"]
[WhiteTeamCountry "GER"]
[BlackTeamCountry "GER"]

1. d4 d5 2. c4 Nc6 3. cxd5 Qxd5 4. e3 e5 5. Nc3 Bb4 6. Bd2 Bxc3 7. bxc3 Qd6 8.
Bd3 Nge7 9. Ne2 O-O 10. O-O b6 11. e4 exd4 12. Bf4 Qf6 13. cxd4 Nxd4 14. Bxc7
Bb7 15. Nxd4 Qxd4 16. Rc1 Ng6 17. Bb1 Qf6 18. f4 Rfc8 19. Qd6 Qxd6 20. Bxd6 Ba6
21. Rxc8+ Rxc8 22. Rd1 Rd8 23. Rd2 f6 24. Kf2 Ne7 25. Ke3 Nc6 26. Bb4 Rc8 27.
Bc3 Rc7 28. Bd3 Bxd3 29. Rxd3 b5 30. Rd5 b4 31. Bd2 Kf7 32. g4 a5 33. g5 a4 34.
gxf6 gxf6 35. Rb5 b3 36. axb3 a3 37. Rc5 Ke7 38. Bc3 Kd6 39. b4 a2 40. Rd5+ Ke7
41. b5 Na5 42. Bd4 Rc4 43. b6 Nc6 44. b7 Rxd4 45. b8=Q Nxb8 46. Ra5 Rb4 47.
Rxa2 Nd7 48. Kf3 h5 49. Ra5 Rb3+ 50. Kf2 h4 51. Rh5 h3 52. Ra5 Rc3 53. Ra7 Kd6
54. Ra6+ Kc7 55. Ra7+ Kc6 56. e5 fxe5 57. fxe5 Nxe5 58. Rg7 Rc2+ 59. Kf1 Rxh2
60. Rg3 Rh1+ 61. Kf2 Kd5 62. Ra3 Ng4+ 0-1

[Event "Bundesliga 9596"]
[Site "Deutschland"]
[Date "1996.??.??"]
[Round "?.7"]
[White "Schlemermeyer, Wilhelm"]
[Black "Stern, Rene"]
[Result "0-1"]
[WhiteElo "2345"]
[BlackElo "2445"]
[PlyCount "72"]
[EventDate "1995.10.??"]
[EventType "team"]
[EventRounds "15"]
[EventCountry "GER"]
[SourceTitle "Bundesliga 9596"]
[Source "DeepChess"]
[SourceDate "2005.01.01"]
[SourceVersion "1"]
[SourceVersionDate "2005.01.01"]
[SourceQuality "1"]
[WhiteTeam "Delmenhorster SK 1931"]
[BlackTeam "SV Empor Berlin e.V."]
[WhiteTeamCountry "GER"]
[BlackTeamCountry "GER"]

1. Nf3 d5 2. c4 e6 3. b3 Nf6 4. g3 Be7 5. Bg2 O-O 6. O-O b6 7. Bb2 Bb7 8. e3
Nbd7 9. d3 c5 10. Qe2 Qc7 11. Nbd2 Rad8 12. Rac1 Rfe8 13. Rfd1 Qb8 14. e4 dxe4
15. dxe4 e5 16. Bh3 Bd6 17. Nh4 Qc7 18. Qe3 Nb8 19. Nf5 Bf8 20. Qg5 Nc6 21. f4
Kh8 22. fxe5 Nxe5 23. Bg2 Ng8 24. Nf3 Nxf3+ 25. Bxf3 f6 26. Qh5 g6 27. Qh4 gxf5
28. Rxd8 Rxd8 29. e5 Bxf3 30. exf6 Qf7 31. Re1 Be4 32. g4 Rd2 33. Bc3 Rg2+ 34.
Kf1 Rxg4 35. Qxg4 fxg4 36. Rxe4 Nxf6 0-1

[Event "Bundesliga 9596"]
[Site "Deutschland"]
[Date "1996.??.??"]
[Round "?.8"]
[White "Poldauf, Dirk"]
[Black "Wesseln, Kai"]
[Result "1-0"]
[WhiteElo "2430"]
[BlackElo "2355"]
[PlyCount "123"]
[EventDate "1995.10.??"]
[EventType "team"]
[EventRounds "15"]
[EventCountry "GER"]
[SourceTitle "Bundesliga 9596"]
[Source "DeepChess"]
[SourceDate "2005.01.01"]
[SourceVersion "1"]
[SourceVersionDate "2005.01.01"]
[SourceQuality "1"]
[WhiteTeam "SV Empor Berlin e.V."]
[BlackTeam "Delmenhorster SK 1931"]
[WhiteTeamCountry "GER"]
[BlackTeamCountry "GER"]

1. c4 c5 2. g3 g6 3. Bg2 Bg7 4. Nc3 Nf6 5. e3 O-O 6. Nge2 Nc6 7. O-O d6 8. d4
Bd7 9. b3 Rb8 10. Bb2 a6 11. dxc5 dxc5 12. Na4 b6 13. Nf4 Na5 14. Be5 Rc8 15.
Qc2 Bxa4 16. bxa4 Nd7 17. Bxg7 Kxg7 18. Rfd1 e6 19. Rd6 Qe7 20. Rad1 Ne5 21.
Rxb6 Naxc4 22. Rxa6 Rfd8 23. Rc1 Rd2 24. Qe4 Rb8 25. Bf1 Rbb2 26. Bxc4 Nxc4 27.
Qxc4 Rxf2 28. Qe4 Qd7 29. Qe5+ f6 30. Qd6 Qxd6 31. Rxd6 e5 32. Nd3 Rg2+ 33. Kf1
Rxa2 34. Rxc5 Rxh2 35. Rc7+ Kh6 36. Kg1 Rhd2 37. Rc1 Ra3 38. Nxe5 Re2 39. Rxf6
Rxa4 40. Rf3 Raa2 41. Ng4+ Kg5 42. Nf2 h5 43. Rc6 Kh6 44. Re6 Ra5 45. Re7 Kg5
46. Rf8 Rf5 47. Rxf5+ gxf5 48. Kf1 Ra2 49. Kg2 h4 50. gxh4+ Kxh4 51. Rg7 Ra4
52. Kf3 Kh5 53. Nd3 Kh6 54. Rg1 Kh5 55. Nf4+ Kh6 56. Ne2 Kh5 57. Nd4 Ra2 58.
Kf4 Rf2+ 59. Nf3 Kh6 60. Rg3 Re2 61. Nd4 Rf2+ 62. Rf3 1-0

[Event "Bundesliga 9596"]
[Site "Deutschland"]
[Date "1996.??.??"]
[Round "?.1"]
[White "Rogers, Ian"]
[Black "Horvath, Tamas"]
[Result "1/2-1/2"]
[WhiteElo "2580"]
[BlackElo "2410"]
[PlyCount "86"]
[EventDate "1995.10.??"]
[EventType "team"]
[EventRounds "15"]
[EventCountry "GER"]
[SourceTitle "Bundesliga 9596"]
[Source "DeepChess"]
[SourceDate "2005.01.01"]
[SourceVersion "1"]
[SourceVersionDate "2005.01.01"]
[SourceQuality "1"]
[WhiteTeam "Delmenhorster SK 1931"]
[BlackTeam "SV Tuebingen 1870 e.V."]
[WhiteTeamCountry "GER"]
[BlackTeamCountry "GER"]

1. c4 Nf6 2. Nc3 c5 3. Nf3 e6 4. e3 b6 5. d4 cxd4 6. exd4 Bb7 7. Bd3 Be7 8. O-O
O-O 9. d5 Na6 10. Re1 Nc7 11. Bf4 d6 12. Nd4 e5 13. Nf5 Bc8 14. Nxe7+ Qxe7 15.
Bd2 Bg4 16. f3 Bh5 17. Bg5 h6 18. Bxf6 Qxf6 19. Ne4 Qd8 20. Ng3 Bg6 21. Bxg6
fxg6 22. Ne4 Ne8 23. Qa4 Nf6 24. Qa6 Nxe4 25. Rxe4 Rf7 26. a4 Kh7 27. a5 Rb8
28. b4 Qg5 29. axb6 Rxb6 30. Qa3 Qd2 31. b5 a6 32. Qa5 Qxa5 33. Rxa5 axb5 34.
Rxb5 Ra6 35. h4 h5 36. c5 dxc5 37. Rxc5 Rf5 38. Rc2 Ra1+ 39. Kf2 Rd1 40. Rc5 g5
41. Ke2 Rg1 42. Kf2 Rd1 43. Ke2 Rg1 1/2-1/2

[Event "Bundesliga 9596"]
[Site "Deutschland"]
[Date "1996.??.??"]
[Round "?.3"]
[White "Beckemeier, Werner"]
[Black "Kraut, Rainer"]
[Result "1/2-1/2"]
[WhiteElo "2375"]
[BlackElo "2445"]
[PlyCount "68"]
[EventDate "1995.10.??"]
[EventType "team"]
[EventRounds "15"]
[EventCountry "GER"]
[SourceTitle "Bundesliga 9596"]
[Source "DeepChess"]
[SourceDate "2005.01.01"]
[SourceVersion "1"]
[SourceVersionDate "2005.01.01"]
[SourceQuality "1"]
[WhiteTeam "Delmenhorster SK 1931"]
[BlackTeam "SV Tuebingen 1870 e.V."]
[WhiteTeamCountry "GER"]
[BlackTeamCountry "GER"]

1. e4 c5 2. Nf3 d6 3. d4 cxd4 4. Nxd4 Nf6 5. Nc3 Nc6 6. Be2 e5 7. Nf3 h6 8. O-O
Be7 9. Re1 Be6 10. Bf1 Bg4 11. h3 Bh5 12. Be2 Bg6 13. Bc4 O-O 14. Nh2 Nd4 15.
Bd3 Bh5 16. Ng4 Kh8 17. Be3 Qc8 18. f3 Nh7 19. Bf2 f5 20. exf5 Nxf5 21. Be4 Be8
22. Qd3 Ng5 23. Bd5 Bd8 24. Qc4 Qxc4 25. Bxc4 Ba5 26. Red1 Bxc3 27. bxc3 b6 28.
Ne3 Rd8 29. a4 Rc8 30. Bb3 Nxe3 31. Bxe3 Rxc3 32. Bxg5 hxg5 33. Rxd6 Bf7 34.
Bxf7 Rxf7 1/2-1/2

[Event "Bundesliga 9596"]
[Site "Deutschland"]
[Date "1996.??.??"]
[Round "?.4"]
[White "Zeller, Frank"]
[Black "Reefschlaeger, Helmut"]
[Result "0-1"]
[WhiteElo "2400"]
[BlackElo "2350"]
[PlyCount "92"]
[EventDate "1995.10.??"]
[EventType "team"]
[EventRounds "15"]
[EventCountry "GER"]
[SourceTitle "Bundesliga 9596"]
[Source "DeepChess"]
[SourceDate "2005.01.01"]
[SourceVersion "1"]
[SourceVersionDate "2005.01.01"]
[SourceQuality "1"]
[WhiteTeam "SV Tuebingen 1870 e.V."]
[BlackTeam "Delmenhorster SK 1931"]
[WhiteTeamCountry "GER"]
[BlackTeamCountry "GER"]

1. e4 e6 2. d4 d5 3. e5 c5 4. c3 Nc6 5. Nf3 Bd7 6. Be2 f6 7. O-O fxe5 8. dxe5
Qc7 9. Re1 O-O-O 10. c4 d4 11. Bd3 Nh6 12. Bg5 Re8 13. Nbd2 Nf7 14. Bf4 Be7 15.
h4 g6 16. a3 Reg8 17. Qc2 g5 18. hxg5 Nxg5 19. Nxg5 Bxg5 20. Bh2 Bxd2 21. Qxd2
Ne7 22. Qh6 Kb8 23. Be4 Qc8 24. Qf6 Qe8 25. b4 Rf8 26. Qh6 Nf5 27. Qh3 Bc6 28.
Qd3 Rhg8 29. bxc5 Rg7 30. Rab1 Rfg8 31. g3 h5 32. Bxf5 exf5 33. Qxd4 h4 34. e6
hxg3 35. fxg3 Qh5 36. Qf4+ Kc8 37. e7 Rxg3+ 38. Bxg3 Qh1+ 39. Kf2 Qg2+ 40. Ke3
Rxg3+ 41. Kd4 Rg4 42. e8=Q+ Bxe8 43. Rxe8+ Kd7 44. Re4 Rxf4 45. Rxf4 Qd2+ 46.
Ke5 Qe3+ 0-1

[Event "Bundesliga 9596"]
[Site "Deutschland"]
[Date "1996.??.??"]
[Round "?.5"]
[White "Borik, Otto"]
[Black "Hess, Ralf"]
[Result "1-0"]
[WhiteElo "2400"]
[BlackElo "2400"]
[PlyCount "85"]
[EventDate "1995.10.??"]
[EventType "team"]
[EventRounds "15"]
[EventCountry "GER"]
[SourceTitle "Bundesliga 9596"]
[Source "DeepChess"]
[SourceDate "2005.01.01"]
[SourceVersion "1"]
[SourceVersionDate "2005.01.01"]
[SourceQuality "1"]
[WhiteTeam "Delmenhorster SK 1931"]
[BlackTeam "SV Tuebingen 1870 e.V."]
[WhiteTeamCountry "GER"]
[BlackTeamCountry "GER"]

1. Nf3 d5 2. c4 c6 3. d4 Nf6 4. Nc3 g6 5. e3 Bg7 6. Bd3 Bg4 7. O-O Nbd7 8. cxd5
cxd5 9. Qb3 Bxf3 10. gxf3 O-O 11. Nxd5 e5 12. Nxf6+ Qxf6 13. Qxb7 Qg5+ 14. Kh1
Qh5 15. Be2 exd4 16. Qxd7 Be5 17. h3 d3 18. Bd1 d2 19. Bxd2 Rad8 20. Qg4 Qxg4
21. hxg4 Rxd2 22. Rc1 f5 23. gxf5 Rxf5 24. f4 Bxb2 25. Bb3+ Kf8 26. Rc7 Rh5+
27. Kg2 a5 28. Rb1 h6 29. Rf7+ Ke8 30. Rb7 Bf6 31. Bf7+ Kd8 32. Bxg6 Rc5 33.
Rf7 Bb2 34. Rb7 Bc1 35. Rh7 Bb2 36. Rb7 Bf6 37. R1b6 Bh4 38. Re6 Kc8 39. Rf7
Rxf2+ 40. Kh3 Bd8 41. Be4 Rxa2 42. Ra6 Rb2 43. Ra8+ 1-0

[Event "Bundesliga 9596"]
[Site "Deutschland"]
[Date "1996.??.??"]
[Round "?.6"]
[White "Dutschak, Hauke"]
[Black "Breutigam, Martin"]
[Result "1/2-1/2"]
[WhiteElo "2260"]
[BlackElo "2340"]
[PlyCount "140"]
[EventDate "1995.10.??"]
[EventType "team"]
[EventRounds "15"]
[EventCountry "GER"]
[SourceTitle "Bundesliga 9596"]
[Source "DeepChess"]
[SourceDate "2005.01.01"]
[SourceVersion "1"]
[SourceVersionDate "2005.01.01"]
[SourceQuality "1"]
[WhiteTeam "SV Tuebingen 1870 e.V."]
[BlackTeam "Delmenhorster SK 1931"]
[WhiteTeamCountry "GER"]
[BlackTeamCountry "GER"]

1. e4 e5 2. Nf3 Nc6 3. Bb5 f5 4. d4 fxe4 5. Nxe5 Nxe5 6. dxe5 c6 7. Be2 Qa5+ 8.
Nc3 Qxe5 9. Be3 Nf6 10. Bd4 Qe6 11. Bh5+ Kd8 12. O-O d5 13. Na4 Bd6 14. c4 dxc4
15. Nc5 Bxc5 16. Bxf6+ Kc7 17. Bh4 Qd5 18. Qe2 g6 19. Bg3+ Kb6 20. Bg4 Bxg4 21.
Qxg4 h5 22. Qf4 Rad8 23. b4 Bd4 24. Qc7+ Ka6 25. Rad1 Bb6 26. Rxd5 Bxc7 27. Rc5
Bb6 28. Rxc4 Bd4 29. a4 Rhf8 30. Rb1 Rf5 31. Bc7 Bxf2+ 32. Kh1 b5 33. axb5+
cxb5 34. Rxe4 Rd7 35. Bg3 Bb6 36. h4 Rdf7 37. Kh2 g5 38. hxg5 Rxg5 39. Kh3 Rfg7
40. Rb3 Rg4 41. Re8 h4 42. Be5 Rg8 43. Re7 Bd4 44. Bb8 Kb6 45. Bxa7+ Kc6 46.
Bxd4 Rxd4 47. Rh7 Kd5 48. Rh5+ Kc4 49. Rb1 Rg3+ 50. Kh2 Rdg4 51. Rc5+ Kd4 52.
Rb2 Rg5 53. Rd2+ Ke3 54. Rdc2 Kf4 55. Rb2 Rd3 56. Rf2+ Kg4 57. Rfc2 Rdd5 58.
R2c3 Kf4 59. Rf3+ Ke4 60. Rxd5 Rxd5 61. Rh3 Rh5 62. Kg1 Kf5 63. g3 Rg5 64. Rxh4
Rxg3+ 65. Kf2 Rb3 66. Rh5+ Ke4 67. Rxb5 Kd4 68. Rb8 Kc4 69. Ke2 Rxb4 70. Rxb4+
Kxb4 1/2-1/2

[Event "Bundesliga 9596"]
[Site "Deutschland"]
[Date "1996.??.??"]
[Round "?.7"]
[White "Wesseln, Kai"]
[Black "Frick, Christoph"]
[Result "0-1"]
[WhiteElo "2355"]
[BlackElo "2280"]
[PlyCount "98"]
[EventDate "1995.10.??"]
[EventType "team"]
[EventRounds "15"]
[EventCountry "GER"]
[SourceTitle "Bundesliga 9596"]
[Source "DeepChess"]
[SourceDate "2005.01.01"]
[SourceVersion "1"]
[SourceVersionDate "2005.01.01"]
[SourceQuality "1"]
[WhiteTeam "Delmenhorster SK 1931"]
[BlackTeam "SV Tuebingen 1870 e.V."]
[WhiteTeamCountry "GER"]
[BlackTeamCountry "GER"]

1. d4 Nf6 2. c4 e5 3. dxe5 Ng4 4. Bf4 Nc6 5. Nf3 Bb4+ 6. Nbd2 Qe7 7. e3 Ngxe5
8. Be2 O-O 9. O-O d6 10. a3 Bxd2 11. Qxd2 b6 12. b4 Bb7 13. Qc3 Rfe8 14. c5
dxc5 15. bxc5 Rad8 16. Rfc1 Nxf3+ 17. Bxf3 Na5 18. c6 Bc8 19. Rd1 Be6 20. Qb4
Qf6 21. Bxc7 Rc8 22. Qd6 h6 23. Qg3 Bb3 24. Rdc1 Qe6 25. Rc3 Bd5 26. Rd1 Bxf3
27. gxf3 Qf6 28. Rdc1 Re6 29. Bf4 Rcxc6 30. Rxc6 Nxc6 31. Kh1 Qb2 32. Qg1 Qxa3
33. Qd1 Qa2 34. Rc2 Qb3 35. Qc1 Qd3 36. e4 Qd7 37. Rd2 Qe7 38. Qd1 a5 39. Rd7
Qf6 40. Bg3 a4 41. Rd3 b5 42. Qc2 Ne5 43. Rd5 Qxf3+ 44. Kg1 Nc6 45. Rxb5 Rxe4
46. Rb1 Nd4 47. Qc8+ Kh7 48. h4 Ne2+ 49. Kh2 Nxg3 0-1

[Event "Bundesliga 9596"]
[Site "Deutschland"]
[Date "1996.??.??"]
[Round "?.8"]
[White "Von Naso, Lancelot"]
[Black "Lauber, Arnd"]
[Result "1/2-1/2"]
[WhiteElo "2095"]
[BlackElo "2355"]
[PlyCount "47"]
[EventDate "1995.10.??"]
[EventType "team"]
[EventRounds "15"]
[EventCountry "GER"]
[SourceTitle "Bundesliga 9596"]
[Source "DeepChess"]
[SourceDate "2005.01.01"]
[SourceVersion "1"]
[SourceVersionDate "2005.01.01"]
[SourceQuality "1"]
[WhiteTeam "SV Tuebingen 1870 e.V."]
[BlackTeam "Delmenhorster SK 1931"]
[WhiteTeamCountry "GER"]
[BlackTeamCountry "GER"]

1. f4 g6 2. Nf3 Bg7 3. g3 d6 4. Bg2 e5 5. e4 c5 6. O-O Ne7 7. d3 Nbc6 8. Nc3
exf4 9. Bxf4 O-O 10. Qd2 Ne5 11. Nxe5 dxe5 12. Bg5 f6 13. Be3 b6 14. a4 Be6 15.
a5 Qd6 16. Ra3 Nc6 17. axb6 axb6 18. Rfa1 Rxa3 19. Rxa3 f5 20. Nb5 Qd7 21. exf5
gxf5 22. Bh6 f4 23. Bxg7 Kxg7 24. Qe2 1/2-1/2

[Event "Bundesliga 9596"]
[Site "Deutschland"]
[Date "1996.??.??"]
[Round "?.1"]
[White "Wahls, Matthias"]
[Black "Bologan, Viktor"]
[Result "0-1"]
[WhiteElo "2555"]
[BlackElo "2590"]
[PlyCount "66"]
[EventDate "1995.10.??"]
[EventType "team"]
[EventRounds "15"]
[EventCountry "GER"]
[SourceTitle "Bundesliga 9596"]
[Source "DeepChess"]
[SourceDate "2005.01.01"]
[SourceVersion "1"]
[SourceVersionDate "2005.01.01"]
[SourceQuality "1"]
[WhiteTeam "Hamburger SK 1830 e.V."]
[BlackTeam "Dresdner SC 1898"]
[WhiteTeamCountry "GER"]
[BlackTeamCountry "GER"]

1. e4 c5 2. Nf3 e6 3. d4 cxd4 4. Nxd4 a6 5. Bd3 g6 6. c4 Bg7 7. Nb3 Ne7 8. Nc3
Nbc6 9. Be2 O-O 10. Bf4 d5 11. exd5 exd5 12. Nxd5 Nxd5 13. cxd5 Nb4 14. Qd2
Nxd5 15. Bg5 Nf6 16. O-O Qxd2 17. Nxd2 h6 18. Bh4 Be6 19. Bf3 Rad8 20. Nb3 b6
21. Rfd1 Rxd1+ 22. Rxd1 a5 23. Bg3 Nh7 24. Bc7 a4 25. Nc1 Bxb2 26. Bxb6 a3 27.
Be3 Ng5 28. Bd5 Rd8 29. Bb3 Rxd1+ 30. Bxd1 Ne4 31. Bc2 Nc3 32. Nb3 Nxa2 33. Bd2
Nc3 $138 0-1

[Event "Bundesliga 9596"]
[Site "Deutschland"]
[Date "1996.??.??"]
[Round "?.3"]
[White "Movsziszian, Karen"]
[Black "Lanka, Zigurds"]
[Result "0-1"]
[WhiteElo "2450"]
[BlackElo "2510"]
[PlyCount "78"]
[EventDate "1995.10.??"]
[EventType "team"]
[EventRounds "15"]
[EventCountry "GER"]
[SourceTitle "Bundesliga 9596"]
[Source "DeepChess"]
[SourceDate "2005.01.01"]
[SourceVersion "1"]
[SourceVersionDate "2005.01.01"]
[SourceQuality "1"]
[WhiteTeam "Hamburger SK 1830 e.V."]
[BlackTeam "Dresdner SC 1898"]
[WhiteTeamCountry "GER"]
[BlackTeamCountry "GER"]

1. g3 g6 2. Bg2 Bg7 3. f4 d5 4. Nf3 c6 5. a4 a5 6. Ra3 Nd7 7. O-O Ngf6 8. h3
Ne4 9. Qe1 Nd6 10. d3 O-O 11. e4 dxe4 12. dxe4 Nc4 13. Ra2 Qb6+ 14. Kh1 Nc5 15.
b3 Na6 16. Nc3 Nb4 17. e5 Nxa2 18. Nxa2 Be6 19. Nc3 Qb4 20. bxc4 Bxc4 21. Rg1
f5 22. Bd2 Qc5 23. g4 e6 24. gxf5 exf5 25. h4 Kh8 26. Bf1 Bxf1 27. Qxf1 Rad8
28. Qg2 b5 29. h5 b4 30. Ne2 Qxc2 31. Ned4 Qc4 32. Be3 c5 33. Nb5 Rd3 34. Qf2
b3 35. hxg6 Qe4 36. Re1 b2 37. Bxc5 b1=Q 38. Rxb1 Rxf3 39. Qg2 Rh3+ 0-1

[Event "Bundesliga 9596"]
[Site "Deutschland"]
[Date "1996.??.??"]
[Round "?.5"]
[White "Michaelsen, Nils"]
[Black "Maiwald, Jens Uwe"]
[Result "1-0"]
[WhiteElo "2435"]
[BlackElo "2455"]
[PlyCount "109"]
[EventDate "1995.10.??"]
[EventType "team"]
[EventRounds "15"]
[EventCountry "GER"]
[SourceTitle "Bundesliga 9596"]
[Source "DeepChess"]
[SourceDate "2005.01.01"]
[SourceVersion "1"]
[SourceVersionDate "2005.01.01"]
[SourceQuality "1"]
[WhiteTeam "Hamburger SK 1830 e.V."]
[BlackTeam "Dresdner SC 1898"]
[WhiteTeamCountry "GER"]
[BlackTeamCountry "GER"]

1. d4 d6 2. c4 e5 3. Nf3 Nd7 4. Nc3 Be7 5. e4 Ngf6 6. Be2 O-O 7. O-O c6 8. Re1
a6 9. Bf1 b5 10. a3 Bb7 11. Bg5 h6 12. Bh4 Nh7 13. Bxe7 Qxe7 14. Qd2 Rfd8 15.
Rad1 Rab8 16. b4 Ng5 17. Nxg5 hxg5 18. Qe3 exd4 19. Rxd4 Ne5 20. Red1 bxc4 21.
Bxc4 a5 22. Bf1 axb4 23. axb4 Rd7 24. Qd2 Rbd8 25. Qb2 g4 26. Na4 Qf6 27. Nb6
Re7 28. Qd2 Re6 29. Nc4 d5 30. exd5 cxd5 31. Nxe5 Rxe5 32. Rxg4 Rde8 33. Rd4 g6
34. b5 Qb6 35. Rh4 Re4 36. Rh3 Bc8 37. Rc3 Bg4 38. Rc6 Qa7 39. Ra6 Qc5 40. Qxd5
Qxd5 41. Rxd5 Re1 42. f3 Be6 43. Rd4 Rb1 44. Kf2 Rb2+ 45. Kg3 g5 46. Rad6 Kg7
47. Rd2 Rb4 48. h3 Ra8 49. Kf2 Kf6 50. Ra6 Rc8 51. Rc6 Ra8 52. Rcc2 Ra3 53. Rb2
Bb3 54. Rd6+ Ke5 55. Ra6 1-0

[Event "Bundesliga 9596"]
[Site "Deutschland"]
[Date "1996.??.??"]
[Round "?.6"]
[White "Borriss, Martin"]
[Black "Maus, Soenke"]
[Result "1-0"]
[WhiteElo "2405"]
[BlackElo "2415"]
[PlyCount "73"]
[EventDate "1995.10.??"]
[EventType "team"]
[EventRounds "15"]
[EventCountry "GER"]
[SourceTitle "Bundesliga 9596"]
[Source "DeepChess"]
[SourceDate "2005.01.01"]
[SourceVersion "1"]
[SourceVersionDate "2005.01.01"]
[SourceQuality "1"]
[WhiteTeam "Dresdner SC 1898"]
[BlackTeam "Hamburger SK 1830 e.V."]
[WhiteTeamCountry "GER"]
[BlackTeamCountry "GER"]

1. e4 c5 2. Nf3 e6 3. d4 cxd4 4. Nxd4 Nf6 5. Nc3 d6 6. Be2 a6 7. O-O Nbd7 8. f4
b5 9. Bf3 Bb7 10. e5 Bxf3 11. Nxf3 Ng4 12. Qe2 b4 13. Ne4 d5 14. Neg5 h6 15.
Nh3 Qb6+ 16. Kh1 g6 17. a3 bxa3 18. b3 Nc5 19. Nd2 h5 20. Bxa3 Be7 21. c4 dxc4
22. Nxc4 Qa7 23. Nd6+ Bxd6 24. exd6 O-O 25. Ng5 Nxb3 26. Rae1 Nd4 27. Qd2 Rfc8
28. Bb2 Nf5 29. d7 Rd8 30. Qc3 f6 31. Rxe6 Rxd7 32. Ne4 Rf8 33. Rxf6 Rg7 34.
Rxf8+ Kxf8 35. Qc8+ Ke7 36. Ba3+ Kf7 37. Ng5+ 1-0

[Event "Bundesliga 9596"]
[Site "Deutschland"]
[Date "1996.??.??"]
[Round "?.7"]
[White "Heinemann, Thies"]
[Black "Goldberg, Alexander"]
[Result "1-0"]
[WhiteElo "2410"]
[BlackElo "2405"]
[PlyCount "87"]
[EventDate "1995.10.??"]
[EventType "team"]
[EventRounds "15"]
[EventCountry "GER"]
[SourceTitle "Bundesliga 9596"]
[Source "DeepChess"]
[SourceDate "2005.01.01"]
[SourceVersion "1"]
[SourceVersionDate "2005.01.01"]
[SourceQuality "1"]
[WhiteTeam "Hamburger SK 1830 e.V."]
[BlackTeam "Dresdner SC 1898"]
[WhiteTeamCountry "GER"]
[BlackTeamCountry "GER"]

1. e4 e5 2. Bc4 Nf6 3. d3 c6 4. Nf3 Be7 5. O-O Qc7 6. Nc3 O-O 7. a4 d6 8. h3
Nbd7 9. Nh2 Nc5 10. f4 exf4 11. Bxf4 Be6 12. Bxe6 Nxe6 13. Bg3 g6 14. Qd2 Nh5
15. Bf2 Bg5 16. Be3 Bxe3+ 17. Qxe3 Qb6 18. Qxb6 axb6 19. Nf3 Nhg7 20. d4 f5 21.
d5 Nc7 22. Nd4 c5 23. Ndb5 Nxb5 24. Nxb5 Rad8 25. Rae1 fxe4 26. Rxe4 Rxf1+ 27.
Kxf1 Rd7 28. g4 Kf7 29. Kf2 Kf6 30. Kf3 Kg5 31. Kg3 Kf6 32. Na3 Re7 33. Rxe7
Kxe7 34. Nc4 Ne8 35. Nxb6 Nf6 36. Kf4 Ne8 37. Kg5 Kf7 38. Nc4 Kg7 39. Na5 h6+
40. Kf4 Nf6 41. Nxb7 Nxd5+ 42. Kf3 Nb4 43. c3 Nd3 44. a5 1-0

[Event "Bundesliga 9596"]
[Site "Deutschland"]
[Date "1996.??.??"]
[Round "?.8"]
[White "Andresen, Steffen"]
[Black "Sievers, Stefan"]
[Result "0-1"]
[WhiteElo "2350"]
[BlackElo "2375"]
[PlyCount "130"]
[EventDate "1995.10.??"]
[EventType "team"]
[EventRounds "15"]
[EventCountry "GER"]
[SourceTitle "Bundesliga 9596"]
[Source "DeepChess"]
[SourceDate "2005.01.01"]
[SourceVersion "1"]
[SourceVersionDate "2005.01.01"]
[SourceQuality "1"]
[WhiteTeam "Dresdner SC 1898"]
[BlackTeam "Hamburger SK 1830 e.V."]
[WhiteTeamCountry "GER"]
[BlackTeamCountry "GER"]

1. d4 Nf6 2. Bg5 e6 3. e4 h6 4. Bxf6 Qxf6 5. Nf3 d5 6. e5 Qd8 7. c3 c5 8. a3 c4
9. Nbd2 Nc6 10. Be2 Bd7 11. O-O Na5 12. Ne1 Qb6 13. Rb1 O-O-O 14. f4 f5 15.
exf6 gxf6 16. Kh1 Bd6 17. Bg4 f5 18. Bh5 Kb8 19. g3 Be8 20. Ng2 Be7 21. Re1 Bf6
22. Bxe8 Rdxe8 23. Qh5 Qc7 24. Re2 Nc6 25. Rbe1 Nd8 26. Nf3 Qg7 27. Ne5 Rhg8
28. Nh4 Kc7 29. Nhf3 b6 30. b3 cxb3 31. Rb2 Nb7 32. Rxb3 Nd6 33. Nd2 Kb7 34. a4
Rc8 35. a5 b5 36. Nd3 Qd7 37. Nc5+ Rxc5 38. dxc5 Nc4 39. Qe2 Kc7 40. Nf3 Re8
41. Nd4 Bxd4 42. cxd4 a6 43. Rd3 Qf7 44. g4 fxg4 45. Qxg4 h5 46. Qh4 Kc6 47.
Qf2 e5 48. dxe5 Nxe5 49. Qe3 Nxd3 50. Qxe8+ Qxe8 51. Rxe8 Nxf4 52. Rc8+ Kb7 53.
Rf8 Nd3 54. Rf5 Kc6 55. Rxh5 Kxc5 56. Rh6 b4 57. Rxa6 b3 58. Rb6 b2 59. Rb3 Kc4
60. Rxb2 Nxb2 61. a6 Na4 62. a7 Nb6 63. Kg2 d4 64. h4 d3 65. Kf2 Kc3 0-1

[Event "Bundesliga 9596"]
[Site "Deutschland"]
[Date "1995.??.??"]
[Round "?.1"]
[White "Bologan, Viktor"]
[Black "Hertneck, Gerald"]
[Result "1/2-1/2"]
[WhiteElo "2530"]
[BlackElo "2570"]
[PlyCount "106"]
[EventDate "1995.10.??"]
[EventType "team"]
[EventRounds "15"]
[EventCountry "GER"]
[SourceTitle "Bundesliga 9596"]
[Source "DeepChess"]
[SourceDate "2005.01.01"]
[SourceVersion "1"]
[SourceVersionDate "2005.01.01"]
[SourceQuality "1"]
[WhiteTeam "Dresdner SC 1898"]
[BlackTeam "Muenchener SC 1836 e.V."]
[WhiteTeamCountry "GER"]
[BlackTeamCountry "GER"]

1. e4 e6 2. d4 d5 3. Nc3 Bb4 4. e5 c5 5. a3 Bxc3+ 6. bxc3 Ne7 7. Nf3 h6 8. h4
b6 9. Bb5+ Bd7 10. Bd3 Ba4 11. Bf4 Nd7 12. Rh3 Qc7 13. Qd2 O-O-O 14. h5 Kb7 15.
Kf1 Qc6 16. Rg3 Rdg8 17. Kg1 Bb5 18. dxc5 Bxd3 19. Nd4 Qa4 20. cxd3 Nxc5 21.
Be3 g6 22. Rb1 Ka8 23. Rf3 Nf5 24. Rf4 Qd7 25. Nb5 Nxe3 26. Qxe3 gxh5 27. c4
Rg4 28. cxd5 exd5 29. Rxg4 hxg4 30. a4 d4 31. Qf4 h5 32. Nd6 Qxa4 33. Qxf7 Qc6
34. Nb5 Qd7 35. Qxd7 Nxd7 36. e6 Nf6 37. Re1 Kb7 38. e7 Kc6 39. Nxd4+ Kd7 40.
Nf5 a5 41. Kh2 h4 42. Rb1 Rb8 43. Nxh4 b5 44. Ng6 a4 45. Ne5+ Kd6 46. d4 b4 47.
Nd3 b3 48. Nb2 Rb4 49. Ra1 Rxd4 50. Rxa4 Rxa4 51. Nxa4 Kxe7 52. Kg3 Ne4+ 53.
Kxg4 Nxf2+ 1/2-1/2